MARC

LEADER 00000nam0a2200000 4500
001 279149
005 20231101235201.0
035 |a (RuTPU)RU\TPU\book\302427 
090 |a 279149 
100 |a 20141217d1986 m y0rusy50 ca 
101 0 |a rus 
102 |a LV 
105 |a a j 001zy 
200 1 |a Машины для монтажных работ: методические указания для курсового и дипломного проектирования по выбору кранов  |f Рижский политехнический институт 
210 |a Рига  |c Рижский политехнический институт  |d 1986 
215 |a 120 с.  |c ил. 
320 |a Библиогр.: с. 119 
606 1 |a Монтажные работы  |x Механизация  |2 stltpush  |3 (RuTPU)RU\TPU\subj\44410  |9 63736 
610 1 |a строительно-монтажные работы 
610 1 |a краны 
610 1 |a технические данные 
610 1 |a технико-экономические данные 
610 1 |a методические указания 
610 1 |a учебные пособия 
675 |a 69.057.7(076.5)  |v 4 
712 0 2 |a Рижский политехнический институт  |2 stltpush  |3 (RuTPU)RU\TPU\col\7561  |9 24345 
801 1 |a RU  |b 63413507  |c 20141217 
801 2 |a RU  |b 63413507  |c 20180129  |g RCR 
942 |c BK